000 01038 a2200265 4500
001 53239
005 20260407155806.0
008 260407a2021 arg spa d
003 AR-UNSa-BCEJYS
040 _aAR-UNSa-BCEJYS
_bspa
_cAR-UNSa-BCEJYS
080 _a336.226
_xTipos de impuestos. Impuestos directos e indirectos
245 1 0 _aImpuestos sobre los bienes personales
_pexplicados y comentados
020 _a978-987-01-2689-8
250 _a3a. ed
264 1 _aBuenos Aires :
_bErrepar
_c2021
300 _aviii, 84 p.
_c27 cm.
505 _a1. Imposición sobre el patrimonio - 2. Hecho imponible - 3. Exenciones - 4. Valuación de bienes - 5. Régimen de responsabilidad sustituta - 6. Liquidación y pago del impuesto.
041 _aspa
942 _cBK
590 _aniveau_biblio:m niveau_hierar:0
100 1 _aCeldeiro, Ernesto Carlos
700 1 _aImirizaldu, Juan José
700 1 _aOberkersch, Marisa
856 4 1 _uhttps://www.biblioeco.unsa.edu.ar/pmb/images/libros/L128376.jpg
_yImagen de portada
_qimage/jpeg
999 _c5157
_d5157